| 000 | 01120nam0a22003011 4500 | ||
|---|---|---|---|
| 001 | RU\INFOCOMM_322\NLR\5000276331 | ||
| 005 | 20250614080909.0 | ||
| 035 | _a(NLR Aleph) 010622640 | ||
| 090 |
_a10608056 _c10608056 |
||
| 100 | _a20130328d1939 |||y0rusy50 ca | ||
| 101 | 1 |
_ager _crus |
|
| 102 | _aRU | ||
| 105 | _ay z|||| | ||
| 200 | 1 |
_aMichas Abenteuer _f[Von] Sergei Rosanow _gAus dem Russ. von T. Tschernaja _gZeichn. von Alexander Mogilewski |
|
| 210 |
_aMoskau _cMeshdunarodnaja Kniga _d[1939] |
||
| 215 |
_a82, [2] с. _cил. _d22 см |
||
| 300 | _aПер. с рес. изд. кн.: "Приключения Травки" | ||
| 454 | 0 |
_12001#$aПриключения Травки _tПриключения Травки |
|
| 620 | _aМосква | ||
| 700 | 1 |
_9z01790 _aRozanov _bS. G. _gSergej Grigor'evič |
|
| 702 | 1 |
_9z02790 _aMogilevskij _bA. P. _gAleksandr Pavlovič _4440 |
|
| 790 | 1 |
_9z01700 _aRosanow _bS. _gSergei _4070 |
|
| 790 | 1 |
_9z02702 _aMogilewski _bA. _gAlexander _4440 |
|
| 801 | 1 |
_aRU _bInfocomm _c20130328 |
|
| 801 | 0 |
_aRU _bINFOCOMM _gPSBO |
|
| 852 |
_aNLR _jD4/647 _y2 экз. |
||
| 942 | _cBOOK | ||
| 980 | _aNB | ||